| 000 | 00536nam a2200133Ia 4500 | ||
|---|---|---|---|
| 008 | 100328s9999 xx 000 0 und d | ||
| 082 | _b65272 | ||
| 100 | _aराऊळ वि.ग. | ||
| 245 | _aबहुगुणी आवळा लागवड व प्रक्रिया. | ||
| 260 | _bसुविद्या. | ||
| 630 | _aबहुगुणी आवळा लागवड व प्रक्रिया. | ||
| 730 | _aबहुगुणी आवळा लागवड व प्रक्रिया. | ||
| 942 | _cBOOK | ||
| 999 |
_c551019 _d551016 |
||